000 01251 a2200229 4500
001 41198
005 20260407155706.0
008 260407a1991 arg spa d
003 AR-UNSa-BCEJYS
040 _aAR-UNSa-BCEJYS
_bspa
_cAR-UNSa-BCEJYS
080 _a342.515
_xFunciones, obligaciones, prerrogativas del jefe de estado en el proceso legislativo. Derecho de iniciativa legislativa. Derecho de veto legislativo
245 1 0 _aDecretos de necesidad y urgencia
_pHacia una nueva orientación en la jurisprudencia de la Corte Suprema ; El amparo como acción impugnatoria
020 _a950-9606-21-9
264 1 _aBuenos Aires :
_bAD-HOC
_c1991
300 _a191 p.
_c22 cm.
505 _a1. El poder en el sistema democrático - 2. Emergencia y necesidad - 3. Actividad legislativa del poder ejecutivo - 4. Los decretos de necesidad y urgencia - 5. La nueva composición de la corte suprema y la doctrina de los decretos de necesidad y urgencia - 6. El amparo como via impugnatoria de los decretos de necesidad y urgencia
041 _aspa
942 _cBK
590 _aniveau_biblio:m niveau_hierar:0
100 1 _aVítolo, Daniel Roque
856 4 1 _uhttps://biblioeco.unsa.edu.ar/pmb/images/libros/L126429.jpg
_yImagen de portada
_qimage/jpeg
999 _c3417
_d3417